Memoria de las prácticas realizadas en el 'Arxiu Històric de la Diputació de Barcelona' / Olga García Cruz
Descripción Física:
55, [44] f. : mecanografiats , 30 cm
MARC
| LEADER | 00000nam a2200000Ia 4500 | ||
|---|---|---|---|
| 001 | 10471 | ||
| 008 | 160829s1993 - 1994 xx 000 0 cat d | ||
| 080 | |a A-2-71 | ||
| 100 | |a García Cruz, Olga |9 21079 | ||
| 245 | |a Memoria de las prácticas realizadas en el 'Arxiu Històric de la Diputació de Barcelona' / Olga García Cruz | ||
| 260 | |a [Barcelona : |b s.n.], |c 1993 - 1994 | ||
| 300 | |a 55, [44] f. : |b mecanografiats , 30 cm | ||
| 590 | |a Pràctiques de l'assignatura de Tècniques d'Arxius. Professora, Maria Elvira. E.U. Jordi Rubió i Balaguer de Biblioteconomia i Documentació. | ||
| 610 | 1 | 0 | |a Arxiu General de la Diputació de Barcelona |9 52704 |
| 655 | 0 | |9 55931 |a Tesis i dissertacions acadèmiques | |
| 710 | 2 | |a Escola Universitària Jordi Rubió i Balaguer de Biblioteconomia i Documentació |9 54300 | |
| 901 | |a Arxiu | ||
| 942 | |n 1 |2 udc | ||
| 952 | |0 0 |1 0 |4 0 |6 A271 |7 1 |9 41791 |a Arxiu |b Arxiu |d 2016-12-01 |l 0 |o A-2-71 |p 10471 |r 2016-12-01 00:00:00 |w 2016-12-01 |y ARXIU | ||
| 999 | |c 43682 |d 43682 | ||